Регионална библиотека "Любен Каравелов" - Русе

Котел (Запис номер 76957)

MARC детайли
000 -Лидер
Контролно поле с фиксирана дължина 01385nam a2200397 c 4500
003 - Код на организацията, давaща контролен номер
Контролно поле BLK
005 - Дата и час на последна редакция
Контролно поле 20180420224249.0
008 - Елементи от данни с фиксирана дължина
fixed length control field 180408b bul|||||r ||||||| ||bul||
010 ## - Наследен системен номер
LC control number KNG00081394000
020 ## - Международен стандартен номер на книга ISBN
Международен стандартен номер на книга ISBN 978-954-579-566-4
-- издат.: Славена
040 ## - Източник на каталожния запис
Идентификатор на билиотеката - собственик на записа BLK
041 ## - Код за език
Код за езика на текст/звукозапис или на отделно заглавие Български
Код за езика КДБФ Български
080 ## - УДК
Текстов определител УДК Краезнание
УДК код - определител по УДК 908
УДК определител (497.2-21)
УДК - код + определител 908(497.2-21)
100 1# - Редна дума - Автор
Автор Таскова, Вера Кирова
Авторска отговорност първи автор
R(LIN) 273172
139 ## - Редно поле
Редна дума Таскова, Вера Кирова
Авторски знак Тас - Т 36
245 10 - Сведения за заглавието
Заглавие Котел
Редно поле (дума) Вера Кирова Таскова; фотогр. Венцислав Симеонов.
257 ## - Страна на издаване
Страна на създаване/издаване България
260 ## - Област на издателските данни
-- Варна
Име на издателя, разпространителя и проч. Славена
Година на издаване 2006
300 ## - Физическа характеристика
Страници 24 с.
Илюстрации и др. с цв. ил.
Размери/Мащаб 16Х16 см
380 ## - Жанр
Жанр История
490 1# - СЕРИИ (Колекции)
Име на серия Библиотека Културно-историческо наследство
500 ## - Общи забележки
Забележка Офс. изд.
650 #4 - Допълнително описание по предмет – тема
Основно описание – тема или топоним Градове, български
9 (RLIN) 264012
650 #4 - Допълнително описание по предмет – тема
Основно описание – тема или топоним Котел (град) - история
9 (RLIN) 159577
651 #4 - Допълнително описание по предмет - топоним
Географско понятие Котел
9 (RLIN) 179078
651 #4 - Допълнително описание по предмет - топоним
Географско понятие България
9 (RLIN) 241624
653 ## - Ключова дума – ненормативна
Ключова дума Котел
653 ## - Ключова дума – ненормативна
Ключова дума градове
653 ## - Ключова дума – ненормативна
Ключова дума история
700 1# - Други автори (авторска отговорност)
Лично име Симеонов, Венцислав
Автороска отговорност (Описва отношението между автора и произведението) фотогр.
9 (RLIN) 279763
852 ## - Местоположение
Форматна сигнатура Цб І 32891
856 4# - Електронен адрес и достъп
Електронен формат pdf - файл
Път до файла /url/
856 4# - Електронен адрес и достъп
Електронен формат pdf - файл
Път до файла /url/
942 ## - АРТИКУЛИ
Вид на библиотечния материал Книги
Скрит в OPAC Не
944 ## - СЪЗДАВАНЕ И РЕДАКЦИЯ на ЗАПИСА
Създаване/Редакция Създаване
Дата на регистрацията/редакция 14.02.2008
Служител, извършил регистрацията/редакцията Наталия_Медовщикова
944 ## - СЪЗДАВАНЕ И РЕДАКЦИЯ на ЗАПИСА
Създаване/Редакция Редакция
Дата на регистрацията/редакция 17.12.2008
Служител, извършил регистрацията/редакцията
999 ## - СИСТЕМНИ КОНТРОЛНИ НОМЕРА
Koha biblionumber 76957
Koha biblioitemnumber 76957
Наличности
Код за отписване Код за изгубен артикул Код за повреда Коз за рестрикции Код за отдаване Артикулен № Име на библиотеката - собственик Име на библиотеката, в която се намира в момента Статус (Текущо местоположение) Дата на вписване в системата Местоположение - отдел Цена в лева Инвентарен номер Систематично азбучна сигнатура Баркод Номер на екземпляра Цена в евро Служебна бележка Служебен тип на артикула
  Не е изгубен Не е повреден без рестрикции ползва се в читалня 124841 Регионална библиотека "Любен Каравелов" Русе Регионална библиотека "Любен Каравелов" Русе Хранилище 2008-02-14 Хранилище 4.00 120000723383 Цб І 32891 120000723383 1 2.05 Дост: Dp Вид: Д N: 46 Дата: 24.10.2007 Книги
Vip Innovations Ltd, Rousse, Bulgaria 2025